000 00742nam a22002177a 4500
005 20090901110657.0
008 090901t xxu||||| |||| 00| 0 eng d
010 _aENG-94996
020 _c60.00
_a9788190793490
035 _aEN-78529
037 _bDBAD / PUB
040 _adpl
_bEnglish
082 _a530
100 _aDeivamani, D.
245 _aIntroduction to physics /
_cby D. Deivamani
260 _aChidambaram
_bSahana Publications
_c2008
270 _a12, Ganthi Nagar,
_bChidambaram
_e608001
300 _a138p. :
_c21cm(pbk)
_bill.
942 _2ddc
_cEN
_mDEI
_h530
999 _c29862
_d29862